000 00285nam a2200121 a 4500
008 100923s1986|||| d
100 1 _aFitzgeraldová, Penelope
245 1 0 _aĎaleko od brehu
260 _bSmena
_aBratislava
_c1986
020 _c20
044 _axo
_cSK
041 _aslo
999 _c10626
_d10626